| 000 | 00739nam a22002657a 4500 | ||
|---|---|---|---|
| 008 | 130619b xxu||||| |||| 00| 0 eng d | ||
| 020 | _a0-87779-833-8 | ||
| 024 | _cAvailable | ||
| 037 | _cAvailable | ||
| 040 |
_aMBSTU LIBRARY _dMBSTU LIBRARY |
||
| 082 |
_222 _a423 MER |
||
| 110 | _aMerriam Webster. | ||
| 245 | _aThe Merriam -Webster Dictionaries. | ||
| 260 |
_aDelhi _bGoyal Publishers. _c1995 |
||
| 300 |
_a22 cm. _b703 page _f1 _g22 cm. |
||
| 600 | _2Dictionaries. | ||
| 610 | _aRole of function. | ||
| 650 | _2Dictionaries. | ||
| 700 | _aRumy, Syed Nasor Ahmad. | ||
| 710 | _aMerriam Webster. | ||
| 270 |
_aDelhi _bDelhi _dIndia |
||
| 365 |
_b503.00 _d503.00 |
||
| 942 |
_2ddc _cBK |
||
| 999 |
_c508 _d508 |
||